00440 2200157 4500001002100000005001500021035002000036007000300056008004100059082000800100084001200108245005900120260005800179300001900237700002600256INLIS00000000000283020260330030439 a0010-0326000024ta260330 b 0 ind  a813 a813 SEK aSekian Lama Tidak Pulang Kampung /cAurani Dwi Raffani aJakarta :bPerpustakaan Asik SDN Rawa Buaya 07,c2026 a10 hlm :bilus0 aHarun Al Rasyid, S.Pd